[Event "Hastings Masters"]
[Site "Horntye, Hastings"]
[Date "2018.01.02"]
[Round "6.8"]
[White "Sun, Xinyue"]
[Black "Sengupta, Deep"]
[Result "0-1"]
[BlackElo "2586"]
[WhiteElo "2146"]
[LiveChessVersion "1.4.8"]

1. e4 {[%clk 1:40:58]} e5 {[%clk 1:40:46]} 2. Nf3 {[%clk 1:41:20]} Nc6
{[%clk 1:41:11]} 3. Bb5 {[%clk 1:41:32]} a6 {[%clk 1:41:36]} 4. Ba4
{[%clk 1:41:56]} Nf6 {[%clk 1:42:01]} 5. d3 {[%clk 1:41:22]} Bc5 {[%clk 1:42:14]}
6. Bxc6 {[%clk 1:38:28]} dxc6 {[%clk 1:42:37]} 7. O-O {[%clk 1:38:54]} Bg4
{[%clk 1:37:37]} 8. Nbd2 {[%clk 1:31:13]} Qe7 {[%clk 1:35:49]} 9. Nc4
{[%clk 1:26:32]} Nd7 {[%clk 1:35:41]} 10. Ne3 {[%clk 1:15:56]} h5
{[%clk 1:32:09]} 11. h3 {[%clk 1:11:05]} Bxf3 {[%clk 1:28:28]} 12. Qxf3
{[%clk 1:11:30]} g6 {[%clk 1:28:52]} 13. Bd2 {[%clk 1:00:25]} O-O-O
{[%clk 1:07:45]} 14. b4 {[%clk 0:46:07]} Bd4 {[%clk 1:07:09]} 15. Rae1
{[%clk 0:45:59]} Nf8 {[%clk 1:00:17]} 16. Nc4 {[%clk 0:39:27]} f6
{[%clk 1:00:30]} 17. c3 {[%clk 0:23:31]} Ba7 {[%clk 1:00:04]} 18. Rd1
{[%clk 0:12:24]} Ne6 {[%clk 0:58:28]} 19. Be3 {[%clk 0:11:02]} Kb8
{[%clk 0:58:28]} 20. a4 {[%clk 0:10:39]} Rd7 {[%clk 0:57:26]} 21. Qe2
{[%clk 0:09:53]} Rhd8 {[%clk 0:45:11]} 22. b5 {[%clk 0:05:46]} cxb5
{[%clk 0:45:24]} 23. Bxa7+ {[%clk 0:05:58]} Kxa7 {[%clk 0:45:51]} 24. axb5
{[%clk 0:06:24]} Qc5 {[%clk 0:46:12]} 25. bxa6 {[%clk 0:06:05]} b6
{[%clk 0:46:36]} 26. Qa2 {[%clk 0:04:48]} Nf4 {[%clk 0:41:36]} 27. Na3
{[%clk 0:01:21]} Nxd3 {[%clk 0:36:55]} 28. Rb1 {[%clk 0:01:43]} Nf4
{[%clk 0:36:54]} 29. Nb5+ {[%clk 0:01:18]} Ka8 {[%clk 0:37:23]} 30. Qb3
{[%clk 0:00:47]} f5 {[%clk 0:34:37]} 31. Qb4 {[%clk 0:00:59]} Qc6
{[%clk 0:34:54]} 32. Na3 {[%clk 0:00:48]} Nd3 {[%clk 0:24:12]} 33. Qc4
{[%clk 0:01:02]} Qxe4 {[%clk 0:24:25]} 34. Qxe4+ {[%clk 0:01:05]} fxe4
{[%clk 0:24:54]} 35. Rfd1 {[%clk 0:01:00]} Rd5 {[%clk 0:24:29]} 36. Nb5
{[%clk 0:01:20]} R8d7 {[%clk 0:24:53]} 37. Rd2 {[%clk 0:00:52]} Rc5
{[%clk 0:24:11]} 38. Rb3 {[%clk 0:00:58]} Rdd5 {[%clk 0:22:22]} 39. Na3
{[%clk 0:01:00]} Nf4 {[%clk 0:16:16]} 40. Rxd5 {[%clk 0:00:43]} Rxd5
{[%clk 0:16:45]} 41. h4 {[%clk 0:34:19]} Rd1+ {[%clk 1:00:57]} 42. Kh2
{[%clk 0:34:44]} Rd2 {[%clk 1:01:24]} 43. Rb5 {[%clk 0:31:58]} Ra2
{[%clk 0:54:36]} 44. Nc4 {[%clk 0:26:36]} Rxf2 {[%clk 0:54:54]} 45. Rxe5
{[%clk 0:26:14]} Rxg2+ {[%clk 0:55:17]} 46. Kh1 {[%clk 0:26:42]} Rg4
{[%clk 0:55:26]} 47. Re7 {[%clk 0:26:43]} Nd5 {[%clk 0:54:27]} 48. Re5
{[%clk 0:21:52]} Rxh4+ {[%clk 0:52:53]} 49. Kg1 {[%clk 0:22:06]} Rg4+
{[%clk 0:53:18]} 50. Kf1 {[%clk 0:20:59]} Nxc3 {[%clk 0:53:32]} 51. Re7
{[%clk 0:20:25]} Nd5 {[%clk 0:52:08]} 52. Rd7 {[%clk 0:20:11]} Rg5
{[%clk 0:52:06]} 53. Na3 {[%clk 0:19:13]} Ne3+ {[%clk 0:48:55]} 54. Ke2
{[%clk 0:17:18]} Ra5 {[%clk 0:49:16]} 55. Kxe3 {[%clk 0:15:23]} Rxa3+
{[%clk 0:49:42]} 56. Kxe4 {[%clk 0:15:50]} Rc3 {[%clk 0:50:04]} 57. Rg7
{[%clk 0:13:58]} Rc6 {[%clk 0:50:29]} 58. Kd5 {[%clk 0:13:13]} Rc5+
{[%clk 0:50:54]} 0-1

[Event "Hastings Masters"]
[Site "Horntye, Hastings"]
[Date "2018.01.02"]
[Round "6.9"]
[White "Das, Arghyadip"]
[Black "Royset, Pal"]
[Result "1-0"]
[BlackElo "2208"]
[WhiteElo "2451"]
[LiveChessVersion "1.4.8"]

1. e4 {[%clk 1:40:57]} d6 {[%clk 1:39:06]} 2. d4 {[%clk 1:40:39]} Nf6
{[%clk 1:39:25]} 3. Nc3 {[%clk 1:40:44]} g6 {[%clk 1:39:16]} 4. Bg5
{[%clk 1:34:18]} Bg7 {[%clk 1:35:53]} 5. Qd2 {[%clk 1:34:06]} h6 {[%clk 1:35:31]}
6. Bh4 {[%clk 1:33:59]} g5 {[%clk 1:32:55]} 7. Bg3 {[%clk 1:34:25]} Nh5
{[%clk 1:33:14]} 8. Nge2 {[%clk 1:31:34]} Nc6 {[%clk 1:26:47]} 9. f3
{[%clk 1:27:39]} Nxg3 {[%clk 1:23:23]} 10. hxg3 {[%clk 1:28:05]} a6
{[%clk 1:21:35]} 11. g4 {[%clk 1:21:01]} b5 {[%clk 1:07:11]} 12. a4
{[%clk 1:03:59]} b4 {[%clk 1:02:30]} 13. Nd5 {[%clk 1:00:01]} a5 {[%clk 1:00:42]}
14. c3 {[%clk 0:54:57]} e6 {[%clk 0:55:37]} 15. Ne3 {[%clk 0:50:27]} bxc3
{[%clk 0:52:36]} 16. bxc3 {[%clk 0:50:52]} Ba6 {[%clk 0:52:07]} 17. Ng3
{[%clk 0:50:36]} Bxf1 {[%clk 0:51:49]} 18. Kxf1 {[%clk 0:48:00]} Rb8
{[%clk 0:49:07]} 19. Nh5 {[%clk 0:47:46]} Bf8 {[%clk 0:48:12]} 20. Kf2
{[%clk 0:45:19]} Be7 {[%clk 0:45:48]} 21. Ng7+ {[%clk 0:44:52]} Kd7
{[%clk 0:45:12]} 22. Nc4 {[%clk 0:35:04]} Bf6 {[%clk 0:36:50]} 23. Nh5
{[%clk 0:35:12]} Rg8 {[%clk 0:33:34]} 24. Rab1 {[%clk 0:30:14]} Bh8
{[%clk 0:31:58]} 25. Rb5 {[%clk 0:30:39]} Rxb5 {[%clk 0:28:26]} 26. axb5
{[%clk 0:31:08]} Na7 {[%clk 0:26:36]} 27. Rb1 {[%clk 0:30:01]} Nc8
{[%clk 0:24:58]} 28. Nxa5 {[%clk 0:26:29]} Nb6 {[%clk 0:25:21]} 29. Qd3
{[%clk 0:25:44]} Qa8 {[%clk 0:24:57]} 30. Ra1 {[%clk 0:26:08]} Nc8
{[%clk 0:22:08]} 31. Qf1 {[%clk 0:19:54]} Ne7 {[%clk 0:20:47]} 32. Nc6
{[%clk 0:18:23]} Qb7 {[%clk 0:20:18]} 33. Ra7 {[%clk 0:18:37]} Qb6
{[%clk 0:20:40]} 34. Ra6 {[%clk 0:18:55]} Qb7 {[%clk 0:20:53]} 35. Qc4
{[%clk 0:18:59]} Nc8 {[%clk 0:19:11]} 36. Na5 {[%clk 0:17:49]} Nb6
{[%clk 0:18:42]} 37. Qd3 {[%clk 0:15:50]} Qc8 {[%clk 0:17:11]} 38. c4
{[%clk 0:14:57]} Ke7 {[%clk 0:15:04]} 39. Nc6+ {[%clk 0:15:11]} Ke8
{[%clk 0:13:59]} 40. c5 {[%clk 0:14:49]} Na8 {[%clk 0:12:17]} 41. Qa3
{[%clk 0:13:18]} Kd7 {[%clk 0:12:39]} 42. Qa4 {[%clk 0:12:37]} 1-0

[Event "Hastings Masters"]
[Site "Horntye, Hastings"]
[Date "2018.01.02"]
[Round "6.10"]
[White "Willson, Ollie"]
[Black "Kristiansen, Jens"]
[Result "0-1"]
[BlackElo "2415"]
[WhiteElo "2057"]
[LiveChessVersion "1.4.8"]

1. d4 {[%clk 1:40:58]} g6 {[%clk 1:40:46]} 2. Nf3 {[%clk 1:41:03]} Bg7
{[%clk 1:41:04]} 3. c4 {[%clk 1:40:13]} f5 {[%clk 1:40:48]} 4. Nc3
{[%clk 1:39:34]} Nf6 {[%clk 1:41:05]} 5. g3 {[%clk 1:39:01]} O-O {[%clk 1:41:20]}
6. Bg2 {[%clk 1:39:23]} d6 {[%clk 1:41:43]} 7. O-O {[%clk 1:39:15]} e6
{[%clk 1:41:50]} 8. Qc2 {[%clk 1:29:58]} Nc6 {[%clk 1:41:37]} 9. Rd1
{[%clk 1:26:36]} Qe7 {[%clk 1:40:27]} 10. d5 {[%clk 1:17:51]} Nb4
{[%clk 1:39:46]} 11. Qb1 {[%clk 1:12:03]} e5 {[%clk 1:38:04]} 12. a3
{[%clk 1:07:28]} Na6 {[%clk 1:37:43]} 13. b4 {[%clk 1:07:51]} h6 {[%clk 1:36:30]}
14. Qb3 {[%clk 1:01:06]} Qf7 {[%clk 1:34:58]} 15. Bb2 {[%clk 0:53:25]} g5
{[%clk 1:33:20]} 16. Rac1 {[%clk 0:34:12]} Bd7 {[%clk 1:24:45]} 17. Nd2
{[%clk 0:26:42]} Rae8 {[%clk 1:16:07]} 18. Qc2 {[%clk 0:25:55]} Re7
{[%clk 1:08:31]} 19. Re1 {[%clk 0:16:40]} e4 {[%clk 1:01:09]} 20. e3
{[%clk 0:16:36]} Ng4 {[%clk 1:01:00]} 21. Rf1 {[%clk 0:11:19]} Qh5
{[%clk 0:59:41]} 22. h3 {[%clk 0:11:38]} Ne5 {[%clk 1:00:01]} 23. Qd1
{[%clk 0:11:03]} Qe8 {[%clk 0:58:50]} 24. Rb1 {[%clk 0:10:57]} Nb8
{[%clk 0:53:51]} 25. Ba1 {[%clk 0:09:29]} a6 {[%clk 0:52:58]} 26. b5
{[%clk 0:06:55]} b6 {[%clk 0:51:36]} 27. a4 {[%clk 0:06:24]} axb5
{[%clk 0:42:58]} 28. axb5 {[%clk 0:05:34]} Bc8 {[%clk 0:42:40]} 29. Ne2
{[%clk 0:04:40]} Nbd7 {[%clk 0:42:33]} 30. Nd4 {[%clk 0:02:46]} Nf6
{[%clk 0:42:15]} 31. Nc6 {[%clk 0:02:27]} Nxc6 {[%clk 0:42:33]} 32. dxc6
{[%clk 0:01:56]} f4 {[%clk 0:41:58]} 33. Re1 {[%clk 0:01:36]} f3 {[%clk 0:37:22]}
34. Bf1 {[%clk 0:02:02]} Qh5 {[%clk 0:36:43]} 35. Bxf6 {[%clk 0:01:31]} Bxf6
{[%clk 0:33:49]} 36. Kh2 {[%clk 0:00:35]} Bxh3 {[%clk 0:33:36]} 37. Bxh3
{[%clk 0:00:40]} g4 {[%clk 0:33:59]} 38. Rh1 {[%clk 0:00:48]} Qxh3+
{[%clk 0:34:09]} 39. Kg1 {[%clk 0:01:12]} Qg2# 0-1

[Event "Hastings Masters"]
[Site "Horntye, Hastings"]
[Date "2018.01.02"]
[Round "6.11"]
[White "Lalic, Bogdan"]
[Black "Graham, David B"]
[Result "1-0"]
[BlackElo "2204"]
[WhiteElo "2415"]
[LiveChessVersion "1.4.8"]

1. d4 {[%clk 1:40:57]} Nf6 {[%clk 1:40:56]} 2. c4 {[%clk 1:41:22]} g6
{[%clk 1:41:22]} 3. Nc3 {[%clk 1:41:45]} Bg7 {[%clk 1:41:49]} 4. e4
{[%clk 1:42:07]} d6 {[%clk 1:42:16]} 5. Nf3 {[%clk 1:42:18]} O-O {[%clk 1:42:40]}
6. Be2 {[%clk 1:42:43]} e5 {[%clk 1:42:51]} 7. Be3 {[%clk 1:43:06]} Ng4
{[%clk 1:41:20]} 8. Bg5 {[%clk 1:43:29]} f6 {[%clk 1:41:15]} 9. Bh4
{[%clk 1:43:52]} g5 {[%clk 1:40:29]} 10. Bg3 {[%clk 1:44:16]} Nh6
{[%clk 1:40:39]} 11. h3 {[%clk 1:44:18]} Nc6 {[%clk 1:35:31]} 12. dxe5
{[%clk 1:44:38]} dxe5 {[%clk 1:30:44]} 13. Qd5+ {[%clk 1:44:55]} Nf7
{[%clk 1:21:23]} 14. Rd1 {[%clk 1:45:07]} Qe7 {[%clk 1:11:14]} 15. Qd2
{[%clk 1:45:07]} Be6 {[%clk 1:07:20]} 16. Nd5 {[%clk 1:42:53]} Bxd5
{[%clk 1:07:14]} 17. cxd5 {[%clk 1:43:17]} Nd4 {[%clk 1:02:58]} 18. Nxd4
{[%clk 1:40:11]} exd4 {[%clk 1:03:24]} 19. O-O {[%clk 1:39:41]} Nd6
{[%clk 0:36:59]} 20. Bd3 {[%clk 1:38:46]} Nxe4 {[%clk 0:30:32]} 21. Qe2
{[%clk 1:21:08]} Rae8 {[%clk 0:28:52]} 22. Rfe1 {[%clk 1:21:29]} Qf7
{[%clk 0:15:56]} 23. Bxe4 {[%clk 1:21:53]} f5 {[%clk 0:16:21]} 24. f3
{[%clk 1:22:06]} fxe4 {[%clk 0:15:17]} 25. fxe4 {[%clk 1:22:32]} Be5
{[%clk 0:08:32]} 26. Bxe5 {[%clk 1:22:54]} Rxe5 {[%clk 0:08:59]} 27. Rxd4
{[%clk 1:23:09]} Qe7 {[%clk 0:06:29]} 28. Rc4 {[%clk 1:20:14]} Rf7
{[%clk 0:05:04]} 29. Qe3 {[%clk 1:15:52]} a6 {[%clk 0:03:21]} 30. a4
{[%clk 1:05:34]} h6 {[%clk 0:03:41]} 31. Qb3 {[%clk 0:59:45]} Qf6
{[%clk 0:03:44]} 32. Rc2 {[%clk 0:56:19]} c6 {[%clk 0:03:13]} 33. dxc6
{[%clk 0:56:06]} bxc6 {[%clk 0:03:40]} 34. Rcc1 {[%clk 0:47:57]} Qf2+
{[%clk 0:03:31]} 35. Kh1 {[%clk 0:48:22]} Kh7 {[%clk 0:02:21]} 36. Qc4
{[%clk 0:28:53]} Rfe7 {[%clk 0:02:38]} 37. Qxa6 {[%clk 0:27:21]} g4
{[%clk 0:02:08]} 38. Rf1 {[%clk 0:27:21]} Qxb2 {[%clk 0:01:51]} 39. Rxc6
{[%clk 0:27:36]} Rh5 {[%clk 0:02:16]} 40. Qd3 {[%clk 0:12:40]} Qe5
{[%clk 0:01:57]} 41. Rf5 {[%clk 0:08:16]} Rxf5 {[%clk 0:48:02]} 42. exf5
{[%clk 0:58:42]} g3 {[%clk 0:30:59]} 43. f6+ {[%clk 0:56:40]} Qe4
{[%clk 0:31:23]} 44. Qxg3 {[%clk 0:55:22]} Qxc6 {[%clk 0:29:44]} 45. fxe7
{[%clk 0:55:43]} Qxa4 {[%clk 0:30:06]} 46. Qe5 {[%clk 0:55:28]} Qe8
{[%clk 0:30:15]} 47. Qf6 {[%clk 0:55:46]} Kg8 {[%clk 0:30:29]} 48. Qxh6
{[%clk 0:52:12]} Qxe7 {[%clk 0:30:44]} 49. Qf4 {[%clk 0:52:29]} Kh7
{[%clk 0:28:46]} 50. Kh2 {[%clk 0:52:53]} Qa7 {[%clk 0:28:25]} 51. h4
{[%clk 0:53:06]} Qc5 {[%clk 0:28:16]} 52. Kh3 {[%clk 0:50:04]} Qc8+
{[%clk 0:28:31]} 53. Qg4 {[%clk 0:50:21]} Qc3+ {[%clk 0:28:56]} 54. Qf3
{[%clk 0:50:40]} Qc8+ {[%clk 0:29:08]} 55. g4 {[%clk 0:51:03]} Qc1
{[%clk 0:28:58]} 56. g5 {[%clk 0:42:49]} Qc8+ {[%clk 0:29:15]} 57. Kg3
{[%clk 0:43:06]} Qb8+ {[%clk 0:28:40]} 58. Kg4 {[%clk 0:43:25]} Qe8
{[%clk 0:27:15]} 59. h5 {[%clk 0:42:15]} Qa4+ {[%clk 0:27:20]} 60. Kg3
{[%clk 0:42:26]} Qd4 {[%clk 0:25:49]} 61. Qf7+ {[%clk 0:42:47]} 1-0

[Event "Hastings Masters"]
[Site "Horntye, Hastings"]
[Date "2018.01.02"]
[Round "6.12"]
[White "Murphy, Conor E"]
[Black "Sugden, John N"]
[Result "1/2-1/2"]
[BlackElo "2059"]
[WhiteElo "2313"]
[LiveChessVersion "1.4.8"]

1. d4 {[%clk 1:40:37]} Nf6 {[%clk 1:40:23]} 2. Bg5 {[%clk 1:40:52]} c5
{[%clk 1:39:11]} 3. d5 {[%clk 1:41:07]} d6 {[%clk 1:38:51]} 4. Nc3
{[%clk 1:41:15]} g6 {[%clk 1:32:11]} 5. e4 {[%clk 1:41:14]} Bg7 {[%clk 1:32:29]}
6. Qd2 {[%clk 1:41:03]} O-O {[%clk 1:21:49]} 7. Bh6 {[%clk 1:40:16]} e6
{[%clk 1:11:35]} 8. Bxg7 {[%clk 1:34:12]} Kxg7 {[%clk 1:11:57]} 9. dxe6
{[%clk 1:33:33]} Bxe6 {[%clk 1:10:11]} 10. Nge2 {[%clk 1:20:19]} Nc6
{[%clk 1:05:52]} 11. Nf4 {[%clk 1:12:10]} Nd4 {[%clk 1:04:29]} 12. h4
{[%clk 1:11:07]} h5 {[%clk 0:59:32]} 13. Bd3 {[%clk 1:03:00]} Re8
{[%clk 0:50:12]} 14. O-O-O {[%clk 0:58:01]} d5 {[%clk 0:39:23]} 15. e5
{[%clk 0:52:42]} Ng4 {[%clk 0:35:10]} 16. Rde1 {[%clk 0:45:56]} Nc6
{[%clk 0:32:46]} 17. Bb5 {[%clk 0:41:55]} Ngxe5 {[%clk 0:21:30]} 18. Rxe5
{[%clk 0:32:59]} Nxe5 {[%clk 0:21:52]} 19. Bxe8 {[%clk 0:33:16]} Qxe8
{[%clk 0:22:13]} 20. Re1 {[%clk 0:33:05]} Nc4 {[%clk 0:13:12]} 21. Nxh5+
{[%clk 0:31:15]} gxh5 {[%clk 0:13:34]} 22. Qg5+ {[%clk 0:31:39]} Kf8
{[%clk 0:12:41]} 23. b3 {[%clk 0:30:21]} Nb6 {[%clk 0:12:00]} 24. f4
{[%clk 0:28:16]} Qe7 {[%clk 0:09:06]} 25. Qh6+ {[%clk 0:26:00]} Ke8
{[%clk 0:09:21]} 26. f5 {[%clk 0:25:32]} Kd7 {[%clk 0:09:33]} 27. a4
{[%clk 0:18:01]} a5 {[%clk 0:09:51]} 28. Nb5 {[%clk 0:17:08]} Rc8
{[%clk 0:05:39]} 29. c4 {[%clk 0:15:22]} Rc6 {[%clk 0:03:15]} 30. Qxh5
{[%clk 0:12:20]} Qf6 {[%clk 0:02:28]} 31. fxe6+ {[%clk 0:12:16]} Rxe6
{[%clk 0:02:39]} 32. Rxe6 {[%clk 0:11:53]} Qxe6 {[%clk 0:02:37]} 33. Qf3
{[%clk 0:08:22]} Ke7 {[%clk 0:01:23]} 34. h5 {[%clk 0:06:46]} dxc4
{[%clk 0:01:29]} 35. Qxb7+ {[%clk 0:06:45]} Nd7 {[%clk 0:01:33]} 36. bxc4
{[%clk 0:04:50]} Qxc4+ {[%clk 0:01:47]} 37. Kd2 {[%clk 0:05:11]} Qf4+
{[%clk 0:01:52]} 38. Ke2 {[%clk 0:03:41]} Qe5+ {[%clk 0:02:10]} 39. Kd3
{[%clk 0:03:14]} Qxh5 {[%clk 0:02:22]} 40. Nc3 {[%clk 0:02:50]} Qf5+
{[%clk 0:02:09]} 41. Kc4 {[%clk 0:35:52]} Qf1+ {[%clk 0:43:13]} 42. Kb3
{[%clk 0:36:03]} c4+ {[%clk 0:41:20]} 43. Kb2 {[%clk 0:34:33]} Qf2+
{[%clk 0:40:21]} 44. Kc1 {[%clk 0:34:25]} 1/2-1/2

[Event "Hastings Masters"]
[Site "Horntye, Hastings"]
[Date "2018.01.02"]
[Round "6.13"]
[White "Mannion, Stephen R"]
[Black "Eames, Robert S"]
[Result "1/2-1/2"]
[BlackElo "2159"]
[WhiteElo "2285"]
[LiveChessVersion "1.4.8"]

1. e4 {[%clk 1:40:59]} d6 {[%clk 1:40:47]} 2. d4 {[%clk 1:41:22]} Nf6
{[%clk 1:41:04]} 3. Nc3 {[%clk 1:41:46]} g6 {[%clk 1:41:22]} 4. f4
{[%clk 1:42:05]} Bg7 {[%clk 1:41:36]} 5. Nf3 {[%clk 1:42:28]} O-O
{[%clk 1:41:31]} 6. Bd3 {[%clk 1:42:45]} Nc6 {[%clk 1:41:31]} 7. e5
{[%clk 1:42:23]} dxe5 {[%clk 1:41:27]} 8. fxe5 {[%clk 1:42:43]} Ng4
{[%clk 1:40:13]} 9. Be2 {[%clk 1:15:35]} f6 {[%clk 1:35:05]} 10. e6
{[%clk 1:00:34]} f5 {[%clk 1:29:15]} 11. d5 {[%clk 0:51:01]} Nb4 {[%clk 1:25:00]}
12. Bc4 {[%clk 0:10:42]} Qd6 {[%clk 1:20:59]} 13. Bb3 {[%clk 0:08:38]} Qc5
{[%clk 1:15:49]} 14. Qd2 {[%clk 0:08:38]} a5 {[%clk 0:55:41]} 15. a3
{[%clk 0:08:37]} Na6 {[%clk 0:37:03]} 16. Na4 {[%clk 0:09:01]} Qa7
{[%clk 0:34:57]} 17. c4 {[%clk 0:07:59]} c6 {[%clk 0:30:49]} 18. h3
{[%clk 0:07:19]} b5 {[%clk 0:27:44]} 19. cxb5 {[%clk 0:06:01]} cxb5
{[%clk 0:27:40]} 20. hxg4 {[%clk 0:04:49]} bxa4 {[%clk 0:27:48]} 21. Bc2
{[%clk 0:04:31]} fxg4 {[%clk 0:22:38]} 22. Ng5 {[%clk 0:04:59]} g3
{[%clk 0:20:04]} 23. Nf7 {[%clk 0:04:27]} Bb7 {[%clk 0:14:40]} 24. Nh6+
{[%clk 0:04:40]} Kh8 {[%clk 0:14:31]} 25. Nf7+ {[%clk 0:05:08]} Kg8
{[%clk 0:13:33]} 26. Nh6+ {[%clk 0:05:37]} Kh8 {[%clk 0:13:51]} 27. Nf7+ 1/2-1/2

[Event "Hastings Masters"]
[Site "Horntye, Hastings"]
[Date "2018.01.02"]
[Round "6.14"]
[White "Boino, Claudio"]
[Black "Maisuradze, Nino"]
[Result "1/2-1/2"]
[BlackElo "2256"]
[WhiteElo "2123"]
[LiveChessVersion "1.4.8"]

1. d4 {[%clk 1:40:58]} Nf6 {[%clk 1:40:57]} 2. Nf3 {[%clk 1:41:24]} c5
{[%clk 1:40:00]} 3. d5 {[%clk 1:41:45]} b5 {[%clk 1:38:23]} 4. Bg5
{[%clk 1:42:00]} Ne4 {[%clk 1:35:34]} 5. Bh4 {[%clk 1:36:03]} d6 {[%clk 1:31:16]}
6. Nbd2 {[%clk 1:30:51]} Bf5 {[%clk 1:27:29]} 7. a4 {[%clk 1:21:56]} b4
{[%clk 1:18:54]} 8. Nc4 {[%clk 1:20:27]} h6 {[%clk 1:13:38]} 9. Nfd2
{[%clk 1:19:12]} g5 {[%clk 1:07:36]} 10. Nxe4 {[%clk 1:15:19]} Bxe4
{[%clk 0:51:39]} 11. Bg3 {[%clk 1:15:32]} Bg7 {[%clk 0:50:36]} 12. f3
{[%clk 1:14:17]} Bg6 {[%clk 0:50:55]} 13. h4 {[%clk 1:07:56]} g4 {[%clk 0:38:33]}
14. h5 {[%clk 1:05:59]} Bf5 {[%clk 0:34:56]} 15. e4 {[%clk 0:59:45]} Bh7
{[%clk 0:35:15]} 16. Bh4 {[%clk 0:52:13]} O-O {[%clk 0:34:52]} 17. Bd3
{[%clk 0:52:27]} gxf3 {[%clk 0:30:15]} 18. gxf3 {[%clk 0:52:35]} Nd7
{[%clk 0:28:49]} 19. Rg1 {[%clk 0:49:37]} Kh8 {[%clk 0:26:20]} 20. Qd2
{[%clk 0:48:44]} Nb6 {[%clk 0:21:03]} 1/2-1/2

[Event "Hastings Masters"]
[Site "Horntye, Hastings"]
[Date "2018.01.02"]
[Round "6.15"]
[White "Hewson, Brian W R"]
[Black "Buchenau, Frank"]
[Result "0-1"]
[BlackElo "2236"]
[WhiteElo "2007"]
[LiveChessVersion "1.4.8"]

1. d4 {[%clk 1:40:45]} e6 {[%clk 1:35:50]} 2. c4 {[%clk 1:40:15]} Nf6
{[%clk 1:36:12]} 3. Nf3 {[%clk 1:40:41]} Bb4+ {[%clk 1:36:22]} 4. Bd2
{[%clk 1:40:41]} Qe7 {[%clk 1:36:38]} 5. Nc3 {[%clk 1:39:04]} Bxc3
{[%clk 1:32:58]} 6. Bxc3 {[%clk 1:39:27]} Ne4 {[%clk 1:33:20]} 7. Qc2
{[%clk 1:38:11]} Nxc3 {[%clk 1:31:54]} 8. Qxc3 {[%clk 1:38:32]} d6
{[%clk 1:31:57]} 9. e4 {[%clk 1:35:58]} O-O {[%clk 1:31:57]} 10. Bd3
{[%clk 1:34:33]} Nd7 {[%clk 1:27:01]} 11. O-O {[%clk 1:27:55]} e5
{[%clk 1:24:35]} 12. dxe5 {[%clk 1:27:32]} dxe5 {[%clk 1:24:29]} 13. Rad1
{[%clk 1:24:15]} a5 {[%clk 1:18:58]} 14. Rfe1 {[%clk 1:20:27]} Re8
{[%clk 1:14:05]} 15. Bc2 {[%clk 1:19:10]} f6 {[%clk 1:06:16]} 16. Ba4
{[%clk 1:12:46]} c6 {[%clk 1:05:53]} 17. a3 {[%clk 1:10:04]} Nc5 {[%clk 1:05:43]}
18. Bc2 {[%clk 1:10:27]} a4 {[%clk 1:04:24]} 19. Rd2 {[%clk 1:09:27]} Bg4
{[%clk 1:01:16]} 20. Nh4 {[%clk 1:00:36]} Rad8 {[%clk 0:57:31]} 21. f3
{[%clk 0:56:31]} Rxd2 {[%clk 0:50:03]} 22. Qxd2 {[%clk 0:56:54]} Be6
{[%clk 0:40:48]} 23. Nf5 {[%clk 0:52:10]} Qf8 {[%clk 0:26:15]} 24. Ne3
{[%clk 0:40:14]} Rd8 {[%clk 0:24:22]} 25. Qb4 {[%clk 0:39:54]} Rd4
{[%clk 0:23:21]} 26. Bxa4 {[%clk 0:33:00]} b5 {[%clk 0:19:20]} 27. Bc2
{[%clk 0:29:47]} Bxc4 {[%clk 0:19:36]} 28. Nxc4 {[%clk 0:20:51]} Rxc4
{[%clk 0:19:37]} 29. Bb3 {[%clk 0:21:00]} Nxb3 {[%clk 0:19:54]} 30. Qxb3
{[%clk 0:21:24]} Qc5+ {[%clk 0:20:16]} 31. Qe3 {[%clk 0:17:30]} Qd4
{[%clk 0:19:02]} 32. Re2 Qd1+ {[%clk 0:11:58]} 33. Kf2 {[%clk 0:12:32]} Rd4
{[%clk 0:08:49]} 34. Re1 {[%clk 0:09:44]} Qa4 {[%clk 0:08:37]} 35. Rc1
{[%clk 0:03:58]} Qa7 {[%clk 0:08:50]} 36. Kg3 {[%clk 0:03:50]} c5
{[%clk 0:07:33]} 37. Qb3+ {[%clk 0:04:01]} c4 {[%clk 0:03:10]} 38. Qxb5
{[%clk 0:04:21]} h6 {[%clk 0:01:57]} 39. Rxc4 {[%clk 0:02:06]} Rd2
{[%clk 0:02:16]} 40. Qc5 {[%clk 0:01:28]} Qf7 {[%clk 0:01:59]} 41. Qc8+
{[%clk 0:01:10]} Kh7 {[%clk 0:01:16]} 42. Qf5+ {[%clk 0:01:10]} g6
{[%clk 0:00:51]} 43. Qc8 {[%clk 0:01:30]} Rd7 {[%clk 0:50:24]} 44. Rc2
{[%clk 0:43:55]} f5 {[%clk 0:49:49]} 45. Qc4 {[%clk 0:43:11]} Qf6
{[%clk 0:47:18]} 46. h3 Qg5+ {[%clk 0:41:04]} 47. Kf2 {[%clk 0:14:49]} Qh4+
{[%clk 0:33:28]} 48. g3 {[%clk 0:14:53]} Qxh3 {[%clk 0:31:35]} 49. Qf1
{[%clk 0:14:01]} Qh2+ {[%clk 0:28:00]} 50. Qg2 {[%clk 0:14:06]} Qh5
{[%clk 0:28:23]} 51. g4 {[%clk 0:14:02]} Qh4+ {[%clk 0:26:31]} 52. Qg3
{[%clk 0:14:04]} Qf6 {[%clk 0:25:55]} 53. Kg2 {[%clk 0:12:24]} f4
{[%clk 0:23:42]} 54. Qe1 {[%clk 0:09:08]} h5 {[%clk 0:23:52]} 55. Rc8
{[%clk 0:07:57]} Qa6 {[%clk 0:22:29]} 56. Rc2 {[%clk 0:06:28]} Qa4
{[%clk 0:19:49]} 57. Rc8 {[%clk 0:02:45]} Qb3 {[%clk 0:19:14]} 58. Qc1
{[%clk 0:02:04]} Qd3 {[%clk 0:14:29]} 59. gxh5 {[%clk 0:01:59]} Qe2+
{[%clk 0:14:48]} 0-1

[Event "Hastings Masters"]
[Site "Horntye, Hastings"]
[Date "2018.01.02"]
[Round "6.16"]
[White "Tserendorj, Batsaikhan"]
[Black "Bates, Richard A"]
[Result "0-1"]
[BlackElo "2378"]
[WhiteElo "2066"]
[LiveChessVersion "1.4.8"]

1. d4 {[%clk 1:34:32]} Nf6 {[%clk 1:40:49]} 2. c4 {[%clk 1:34:59]} e6
{[%clk 1:40:17]} 3. Nc3 {[%clk 1:35:25]} Bb4 {[%clk 1:40:42]} 4. f3
{[%clk 1:35:45]} c5 {[%clk 1:35:59]} 5. d5 {[%clk 1:36:03]} O-O {[%clk 1:32:37]}
6. e4 {[%clk 1:36:18]} d6 {[%clk 1:31:56]} 7. Bd3 {[%clk 1:36:15]} b5
{[%clk 1:30:56]} 8. Nge2 {[%clk 1:35:16]} a6 {[%clk 1:27:24]} 9. O-O
{[%clk 1:35:30]} exd5 {[%clk 1:27:04]} 10. cxd5 {[%clk 1:35:49]} Nbd7
{[%clk 1:26:48]} 11. Bg5 {[%clk 1:34:22]} Re8 {[%clk 1:20:39]} 12. Kh1
{[%clk 1:32:46]} h6 {[%clk 1:09:18]} 13. Bd2 {[%clk 1:32:04]} Ba5
{[%clk 1:01:23]} 14. Qe1 {[%clk 1:31:03]} Ne5 {[%clk 1:00:52]} 15. Bc2
{[%clk 1:31:06]} b4 {[%clk 0:56:59]} 16. Nd1 {[%clk 1:29:04]} Nc4
{[%clk 0:57:14]} 17. b3 {[%clk 1:29:28]} Nxd2 {[%clk 0:57:15]} 18. Qxd2
{[%clk 1:29:53]} c4 {[%clk 0:49:54]} 19. Ne3 {[%clk 1:29:05]} c3 {[%clk 0:50:17]}
20. Qd3 {[%clk 1:29:11]} Bb6 {[%clk 0:37:03]} 21. Nc4 {[%clk 1:28:54]} a5
{[%clk 0:32:58]} 22. Nxb6 {[%clk 1:14:51]} Qxb6 {[%clk 0:33:22]} 23. Qd4
{[%clk 1:14:31]} Nd7 {[%clk 0:24:53]} 24. Rfe1 {[%clk 1:11:47]} Qc5
{[%clk 0:23:24]} 25. Rad1 {[%clk 1:10:45]} Ba6 {[%clk 0:16:33]} 26. Ng3
{[%clk 1:07:29]} g6 {[%clk 0:14:53]} 27. f4 {[%clk 1:05:13]} a4 {[%clk 0:08:01]}
28. Qxc5 {[%clk 1:04:24]} Nxc5 {[%clk 0:07:08]} 29. e5 {[%clk 1:04:41]} axb3
{[%clk 0:07:25]} 30. axb3 {[%clk 1:05:09]} Bb7 {[%clk 0:06:14]} 31. Nf1
{[%clk 0:51:41]} Ra2 {[%clk 0:06:10]} 32. Ne3 {[%clk 0:52:07]} dxe5
{[%clk 0:06:05]} 33. f5 {[%clk 0:52:06]} gxf5 {[%clk 0:05:36]} 34. Bxf5
{[%clk 0:52:11]} e4 {[%clk 0:04:59]} 35. d6 {[%clk 0:50:07]} Nd3 {[%clk 0:04:21]}
36. Ng4 {[%clk 0:48:38]} Kg7 {[%clk 0:04:08]} 0-1